| 000 | 01023nam a22002777a 4500 | ||
|---|---|---|---|
| 005 | 20110127111440.0 | ||
| 008 | 110127t xxu||||| |||| 00| 0 hin d | ||
| 010 | _aHIN-91679 | ||
| 020 | _c75.00 | ||
| 035 | _aHN-64025 | ||
| 037 | _bDBAD / PUB | ||
| 040 |
_aDPL _bHN |
||
| 082 | _a921 | ||
| 100 |
_925632 _aचौहान, सूरजपाल |
||
| 245 |
_aसंतप्त / _cसूरजपाल चौहान |
||
| 246 |
_aSantapt _bby Surajpal Chauhan |
||
| 260 |
_aनई दिल्ली _bवाणी प्रकाशन _c2006 |
||
| 270 |
_a21-ए, दरियागंज _bनई दिल्ली _e110002 |
||
| 300 |
_a160पृ. _c22सेमी (अजिल्द) |
||
| 650 |
_9657 _aआत्मकथा _bNon fiction |
||
| 650 | _925656 | ||
| 700 | _925634 | ||
| 700 | _925670 | ||
| 942 |
_2ddc _cHN _h921 _mचौहान |
||
| 999 |
_c50211 _d50211 |
||